| 000 | 00350 a2200145 4500 | ||
|---|---|---|---|
| 001 | 194968 | ||
| 040 | _cMagnum | ||
| 100 | _aFRANÇA, Elias de | ||
| 240 | 1 | 0 |
_aA menina de cabeça nas nuvens _lpor |
| 245 | 1 | 0 | _aA menina de cabeça nas nuvens |
| 300 | _a25 | ||
| 440 | 1 | _aGoverno do Estado do Ceará | |
| 697 | _aLITERATURA INFANTIL | ||
| 942 | _cBK | ||
| 999 |
_c194968 _d194968 |
||